LEADER 01137nam a2200277 i 4500 001 000000131311 003 CaOOAMICUS 005 20041112000000.0 008 041112s2004 fr u000 u mul u 013 $a104183 020 $a2-204-07739-9 040 $aSeMil$bita 100 0 $aTiconius,$d.$0(OLS)http://semarc/name/54273 245 13$aLe Livre des Règles /$cTyconius ; Introduction, traduction et notes par Jean-Marc Vercruysse. 260 $aParis :$bLes Éditions du Cerf,$c2004. 300 $a410 p. ;$c20 cm. 490 0 $aSources Chrétiennes ;$v488. 500 $aTesto latino a fronte. 700 1 $aVercruysse, Jean-Marc,$d<1960- >.$0(OLS)http://semarc/name/54274 830 0$aSources chrétiennes ;$v488.$0(OLS)http://semarc/title/72 850 $aSeMil 852 $aSeMil$W1$xVenegono$y1$mSL1.T IX 488$j85292$B85292$CSeMilBibl$Z2$F88960 $8I 961 $aSottoscrizione: SODIS 996 $6020$a2-204-07739-9$9(OLS)http://semarc/number/118254 996 $6245$aLe Livre des Règles$9(OLS)http://semarc/title/193231 996 $6260$aParis :$bLes Éditions du Cerf$9(OLS)http://semarc/publisher/29611 LEADER 01248nam a2200253 i 4500 001 000000161546 003 CaOOAMICUS 005 20070521000000.0 008 070521s1967 it u000 u ita u 013 $a138909 040 $aSeMil$bita 245 13$aIl ricordo del dott. prof. Giuseppe Moscati dell'Università di Napoli nel 40. dalla morte :$b12 aprile 1927 - 1967. 246 04$iTitolo in copertina:$aGiuseppe Moscati nel ricordo dei suoi contemporanei 260 $a[S.l. :$bs.n.],$cstampa 1967$e(Napoli :$fFrancesco Giannini & Figli ,$gstampa 1967) 300 $a155 p., [7] c. di tav. ;$c22 cm. 500 $aFondo Card. Giovanni Colombo. 600 14$aMoscati, Giuseppe .$0(OLS)http://semarc/subject/16300 850 $aSeMil 852 $aSeMil$W1$xVenegono$y1$m3J III 329$j112935$B112935$CSeMilBibl$Z2$F124494 $81 941 1 $a3 961 $aLascito: Colombo Card. Giovanni 996 $6245$aIl ricordo del dott. prof. Giuseppe Moscati dell'Università di Napoli nel 40. dalla morte :$b12 aprile 1927 - 1967$9(OLS)http://semarc/title/144694 996 $6246$aGiuseppe Moscati nel ricordo dei suoi contemporanei$9(OLS)http://semarc/title/144695 996 $6260$a[S.l. :$bs.n.]$9(OLS)http://semarc/publisher/29751